Vybrané stratégie na akciových trhoch diplomová práca

Salvato in:
Dettagli Bibliografici
Autore principale: Dopiráková, Ivana
Ente Autore: Národohospodárska fakulta EU. Katedra bankovníctva a medzinárodných financií
Altri autori: Árendáš, Peter, 1986-
Natura: Libro
Lingua:slovacco
Pubblicazione: Bratislava 2016
Tags: Aggiungi Tag
Nessun Tag, puoi essere il primo ad aggiungerne!!

MARC

LEADER 00000nbm a2200000 4500
001 0217903
005 20161124145458.1
041 0 |a slo 
044 |a SK 
245 1 0 |a Vybrané stratégie na akciových trhoch  |b diplomová práca  |c Ivana Dopiráková ; školiteľ: Peter Árendáš 
264 1 |a Bratislava  |c 2016 
300 |a 79 s. 
100 1 |a Dopiráková, Ivana 
700 1 |a Árendáš, Peter, 1986- 
710 2 |a Národohospodárska fakulta EU. Katedra bankovníctva a medzinárodných financií